Statistics for 10 Tallest Buildings in Pittsburgh

Click here to take the quiz!

General Stats

  • This quiz has been taken 3 times
  • The average score is 5 of 10

Answer Stats

HintAnswer% Correct
635ft/194mOne PPG Place
100%
841ft/256mU.S. Steel Tower
100%
535ft/163mCathedral of Learning
67%
520ft/158m525 William Penn Place
33%
725ft/221mBNY Mellon Center
33%
616ft/188mFifth Avenue Place
33%
582ft//177mGulf Tower
33%
511ft/156mK&L Gates Center
33%
615ft/187mOne Oxford Centre
33%
544ft/166mTower at PNC Plaza
33%

Score Distribution

Percentile by Number Answered

Percent of People with Each Score

Your Score History

You have not taken this quiz